Fußballspieler nach Stationen - Westeuropa - Statistiken

Allgemein
  • Dieses Quiz wurde 65 mal gespielt
  • Das Durchschnittsergebnis liegt bei 8 aus 20
Antwortstatistiken
aktive Profi-Jahre Vereine Spieler % Korrekt
2008- KRC Genk, FC Chelsea, Werder Bremen, VfL Wolfsburg, Manchester City Kevin De Bruyne
97%
2015- AS Monaco, Paris Saint-Germain, Real Madrid Kylian Mbappé
80%
1964-1984 Ajax Amsterdam, FC Barcelona, Los Angeles Aztecs, Washington Diplomats, UD Levante, Ajax Amsterdam, Feyenoord Rotterdam Johan Cruyff
70%
1993-2013 Manchester United, Preston North End, Real Madrid, LA Galaxy, AC Mailand, Paris Saint-Germain David Beckham
68%
2006-2023 FC Southampton, Tottenham Hotspur, Real Madrid, Tottenham Hotspur, Real Madrid, Los Angeles FC Gareth Bale
68%
2002-2021 FC Everton, Manchester United, FC Everton, D.C. United, Derby County Wayne Rooney
68%
1990-2006 AS Cannes, Girondins Bordeaux, Juventus Turin, Real Madrid Zinedine Zidane
62%
1981-1995 Ajax Amsterdam, AC Mailand Marco van Basten
43%
1972-1987 AS Nancy, AS Saint-Étienne, Juventus Turin Michel Platini
40%
1983-1997 AJ Auxerre, FC Martigues, Olympique Marseille, Girondins Bordeaux, HSC Montpellier, Olympique Nîmes, Leeds United, Manchester United Éric Cantona
38%
1968-1985 Scunthorpe United, FC Liverpool, Hamburger SV, FC Southampton, Newcastle United, Tigers Kuala Lumpur, Black Town City FC Kevin Keegan
37%
1973-1990 SK Beveren, FC Bayern München, Lierse SK, Trabzonspor Jean-Marie Pfaff
32%
1979-1998 HFC Haarlem, Feyenoord Rotterdam, PSV Eindhoven, AC Mailand, Sampdoria Genua, AC Mailand, Sampdoria Genua, FC Chelsea Ruud Gullit
32%
1963-1984 Manchester United, Stockport County, Cork Celtic, Los Angeles Aztecs, FC Fulham, Fort Lauderdale Strikers, Hibernian Edinburgh, San José Earthquakes, AFC Bournemouth, Brisbane Lions, Tobermore United George Best
22%
1956-1980 Manchester United, Preston North End, Waterford United, Melbourne Victory, Bangor City, Newcastle KB United, Perth Azzurri, Blacktown City Bobby Charlton
20%
1988-2006 Rockmount AFC, Cobh Ramblers, Nottingham Forest, Manchester United, Celtic Glasgow Roy Keane
20%
1969-1990 Celtic Glasgow, FC Liverpool Kenny Dalglish
17%
1968-1991 Racing Club Heemstede, Ajax Amsterdam, FC Barcelona, New York Cosmos, FC Groningen, Minnesota Thunder, South Florida Sun, Kansas City Comets, FC Baar, FC Zug Johan Neeskens
12%
1949-1967 US Nœux-les-Mines, SCO Angers, Stade Reims, Real Madrid, Stade Reims Raymond Kopa
3%
1958-1978 FC Chesterfield, Leicester City, Cleveland Stokers, Stoke City, Hellenic FC, Stoke City, Fort Lauderdale Strikers, St Patrick’s Athletic,Fort Lauderdale Strikers Gordon Banks
0%
Keine übereinstimmenden Quizze gefunden
Verteilung der Resultate
Anzahl Personen mit jedem Resultat
Perzentil nach korrekt beantworteten Fragen
Ihre Resultats-Entwicklung
Sie haben dieses Quiz noch nicht gespielt